000
00342 a2200157 4500
001
123969
020
_a
9788516106911
040
_c
Escola Canadense de Niteroi
100
_a
Marisa Martins Sanchez
245
1
0
_a
Buriti Ciências 2
250
_a
4 ed
362
0
_a
2017
490
0
_a
Projeto Buriti
650
4
_a
Ciências
942
_c
BK
999
_c
123969
_d
123969